Missing Word: Canadian Prime Ministers Quiz Stats

 Plays Quiz Updated Sep 23, 2017

Score 0/23 Timer 04:00
1 Play Today
Prime Minister Missing Word % Correct
Pierre _____Trudeau
88.6%
_____ TrudeauJustin
79.8%
_____ TurnerJohn
72.5%
_____ Chr├ętienJean
70%
Stephen _____Harper
68.1%
_____ MulroneyBrian
64.1%
_____ B. PearsonLester
62.1%
John A. _____Macdonald
62%
Wilfrid _____Laurier
57.9%
William _____ Mackenzie KingLyon
55.6%
Kim _____Campbell
54.9%
_____ MartinPaul
54.3%
Prime Minister Missing Word % Correct
Joe _____Clark
47.5%
_____ St. LaurentLouis
42.3%
_____ TupperCharles
39.3%
John _____Diefenbaker
36.3%
Robert _____Borden
36%
_____ MeighenArthur
35.7%
_____ MackenzieAlexander
35.1%
_____ BennettRichard
28%
_____ BowellMackenzie
27.2%
John _____Abbott
24.1%
John Sparrow David _____Thompson
18.6%

Today's Daily Dose

Missing Word
US Newspapers

Word Ladder
Shawn Mendes

On This Day
October 18th II

You're not logged in!

Compare scores with friends on all Sporcle quizzes.
Join for Free
OR
Log In

You Might Also Like...

Show Comments

Extras

Top Quizzes Today


Score Distribution

Your Account Isn't Verified!

In order to create a playlist on Sporcle, you need to verify the email address you used during registration. Go to your Sporcle Settings to finish the process.

Report this User

Report this user for behavior that violates our Community Guidelines.

Details: